Přichází puberta : sexuální výchova od 10 do 13 let /

Other Authors: Joyeux, Henri, Brichcín, Slavoj, 1935-
Language: Czech
Published: Praha : Portál, 1994
Edition: 1. vyd.
Online Access: Digitalizovaný dokument
Physical Description: 102 s. ; 17 cm
Book
Saved in:
LEADER 01569nam a2200385 a 4500
001 000009676
003 CZ BrMZK
005 20140728094822.0
007 ta
008 940415s1994 xr c f cze d
015 |a cnb000087249 
020 |a 80-85282-94-1  |q (brož.) 
035 |a (OCoLC)39604068 
040 |a ABA001  |b cze 
041 1 |a cze  |h fre 
072 7 |a 0/9-053.2  |x Literatura pro děti a mládež (naučná)  |2 Konspekt  |9 26 
080 |a 176  |2 undef 
080 9 |a 37.03 
080 9 |a 613.8 
245 0 0 |a Přichází puberta :  |b sexuální výchova od 10 do 13 let /  |c [sestavil] Henri Joyeux [přeložila Jana Švancarová ; předmluvu k českému vydání napsal Slavoj Brichcín] 
250 |a 1. vyd. 
260 |a Praha :  |b Portál,  |c 1994 
300 |a 102 s. ;  |c 17 cm 
500 |a Obsahuje rejstřík 
653 0 |a děti  |a pohlavní hygiena  |a pohlavní morálka  |a sexuální výchova  |a starší školní věk 
655 7 |a publikace pro děti  |7 fd133156  |2 czenas 
765 0 |t Annonce de la puberté  |9 Česky 
700 1 |a Joyeux, Henri  |7 jn20001227109  |4 aut 
700 1 |a Brichcín, Slavoj,  |d 1935-  |7 mzk2002160622  |4 wfw 
856 4 1 |u http://www.digitalniknihovna.cz/mzk/uuid/uuid:ebd52880-1644-11e4-8f64-005056827e52  |y Digitalizovaný dokument  |x NDK 
910 |a BOA001  |b 1-0998.157  |b PK-A-0020.425 
920 |a 000026001 
990 |a BK 
996 6 |b 2610007761  |c 1-0998.157  |l MZK  |r Sklad / do 1 hodiny  |n 9  |p p.v.  |w 000009676  |u 000010  |a 1  |e BOA001  |j MZK50  |s P 
996 7 |b 3119993795  |c PK-A-0020.425  |l MZK  |r Sklad / do 1 hodiny  |n 12  |w 000009676  |u 000020  |a 1  |e BOA001  |j MZK50  |s A